000
00286nam a2200121Ia 4500
008
190216s9999||||xx |||||||||||||| ||und||
100
_a
Poonthavanam N C
245
0
_a
Saphallayam
260
_b
Chandran Smaraka Grandhalayam
_c
1976
300
_a
78p
650
_a
Kavithkal
942
_c
BK
999
_c
26909
_d
26909